Teaching of geography / (Record no. 17987)

MARC details
000 -LEADER
fixed length control field 006920000a22002170004500
003 - CONTROL NUMBER IDENTIFIER
control field dpl
005 - DATE AND TIME OF LATEST TRANSACTION
control field 20081031122925.0
008 - FIXED-LENGTH DATA ELEMENTS--GENERAL INFORMATION
fixed length control field 081031t xxu||||| |||| 00| 0 eng d
010 ## - LIBRARY OF CONGRESS CONTROL NUMBER
LC control number ENG-84683
020 ## - INTERNATIONAL STANDARD BOOK NUMBER
International Standard Book Number 8181160401
Terms of availability 725.00 (hb)
035 ## - SYSTEM CONTROL NUMBER
System control number EN-68216
040 ## - CATALOGING SOURCE
Transcribing agency dpl
082 ## - DEWEY DECIMAL CLASSIFICATION NUMBER
Classification number 910
100 ## - MAIN ENTRY--PERSONAL NAME
Personal name Sharma, R K
245 ## - TITLE STATEMENT
Title Teaching of geography /
Statement of responsibility, etc by R K Sharma
260 ## - PUBLICATION, DISTRIBUTION, ETC. (IMPRINT)
Place of publication, distribution, etc 4393/4, First Floor, Ansari Road, Darya Ganj, New Delhi-110002
260 ## - PUBLICATION, DISTRIBUTION, ETC. (IMPRINT)
Place of publication, distribution, etc New Delhi
Name of publisher, distributor, etc Maxford Books
Date of publication, distribution, etc 2006
300 ## - PHYSICAL DESCRIPTION
Extent 346p
Dimensions 22cm
942 ## - ADDED ENTRY ELEMENTS (KOHA)
Source of classification or shelving scheme Dewey Decimal Classification
Koha item type English Books
Classification part 910
Call number suffix SHA
Holdings
Withdrawn status Lost status Source of classification or shelving scheme Damaged status Not for loan Home library Current library Date acquired Cost, normal purchase price Total Checkouts Full call number Barcode Date last seen Copy number Price effective from Koha item type
    Dewey Decimal Classification   Not For Loan D.B.Act.Division D.B.Act.Division 12/03/2007 725.00   910 SHA EN-68216 04/11/2008 1 04/11/2008 English Books

© Delhi Public Library
Hit Counter
free hit counter